[Event "Women's World Teams 2015"]
[Site "Chengdu CHN"]
[Date "2015.04.22"]
[Round "4.2"]
[Board "4"]
[White "Ding, Yixin"]
[Black "Wafa, Shrook"]
[Result "1-0"]
[WhiteTitle "WGM"]
[BlackTitle "WGM"]
[WhiteElo "2434"]
[BlackElo "2058"]
[WhiteTeam "CHINA"]
[BlackTeam "EGYPT"]
[WhiteFideId "8602972"]
[BlackFideId "10609970"]
[EventDate "2015.04.19"]

1. e4 c5 2. Nf3 d6 3. d4 cxd4 4. Qxd4 Nc6 5. Bb5 Bd7 6. Bxc6 Bxc6 7. Nc3 Nf6 8.
Bg5 Qb6 9. Bxf6 gxf6 10. Qxb6 axb6 11. Nd4 e6 12. O-O-O Ke7 13. Rhe1 Ra5 14. g3
Bg7 15. Re3 Rha8 16. h4 f5 17. b4 f4 18. gxf4 Rh5 19. a3 Rxh4 20. b5 Bd7 21.
Nde2 Bxc3 22. Nxc3 Rxf4 23. Red3 Be8 24. Rxd6 Rxa3 25. Kb2 Ra7 26. Rxb6 Rxf2 27.
Rh1 Rd2 28. Rxh7 Rd6 29. Rxd6 Kxd6 30. Rh8 Ke7 31. Kb3 b6 32. Rh1 Kd6 33. Kb4
Ke5 34. Rh8 Ra8 35. Na4 Kxe4 36. Nxb6 Rd8 37. c4 f5 38. c5 Rd4+ 39. Ka5 Bxb5 40.
Kxb5 Rd1 41. c6 Rc1 42. Nc4 Rb1+ 43. Kc5 f4 44. c7 f3 45. c8=Q f2 46. Qxe6+ Kf4
47. Rh4+ 1-0

[Event "Women's World Teams 2015"]
[Site "Chengdu CHN"]
[Date "2015.04.22"]
[Round "4.3"]
[Board "1"]
[White "Socko, Monika"]
[Black "Danielian, Elina"]
[Result "1-0"]
[WhiteTitle "GM"]
[BlackTitle "GM"]
[WhiteElo "2463"]
[BlackElo "2488"]
[WhiteTeam "POLAND"]
[BlackTeam "ARMENIA"]
[WhiteFideId "1106619"]
[BlackFideId "13300210"]
[EventDate "2015.04.19"]

1. e4 e6 2. d4 d5 3. Nd2 Nc6 4. Ngf3 Nf6 5. e5 Nd7 6. Be2 f6 7. exf6 Qxf6 8. Nf1
b6 9. Ne3 Bb7 10. O-O h6 11. Re1 O-O-O 12. a3 g5 13. Bb5 Bg7 14. Bxc6 Bxc6 15.
Ng4 Qf5 16. Nge5 Nxe5 17. Nxe5 Bb7 18. a4 h5 19. a5 g4 20. a6 Ba8 21. Ra3 Rhf8
22. f3 Bxe5 23. Rxe5 Qg6 24. fxg4 hxg4 25. Rg3 Qf7 26. Be3 Bc6 27. Rxg4 Bb5 28.
Rf4 Qg6 29. Qd2 Bxa6 30. h3 Kb7 31. Kh2 Rxf4 32. Bxf4 Rf8 33. Bg3 Rf7 34. Rg5
Qh6 35. Bf4 Qf8 36. Rg4 Bb5 37. Qe3 Rf5 38. Qg3 Rf7 39. Be5 Qb4 40. Rg7 Rd7 41.
Rxd7 Bxd7 42. Qg7 Kc6 43. h4 Qe1 44. Qg3 Qe4 45. c3 Be8 46. Bxc7 Kb5 47. Bd8 Kc4
48. Qd6 Bh5 49. Bg5 Kd3 50. Qa3 a5 51. Qa2 Qe2 52. Qb3 Qe4 53. Qxb6 Kc2 54. Qxa5
Kxb2 55. Qb4+ Kc2 56. Qa3 Kd3 57. Qb2 Qe1 58. Qb5+ Ke4 59. Qd7 Bg4 60. Qc7 Qe2
61. Qg3 Bh5 62. Bf6 Qg4 63. Qe1+ Kd3 64. Bg5 Qe4 65. Qg3+ Kc2 66. Bf4 Kb3 67.
Bd2 Kc2 68. Qe3 Qxe3 69. Bxe3 Kd3 70. g4 Bxg4 71. Kg3 Bd1 72. Kf4 Kxc3 73. Ke5
Bg4 74. Bg5 Kd3 75. Kf4 Bd1 76. Bf6 Be2 77. Be5 Bd1 78. Kg5 Ke4 79. h5 Kf3 80.
h6 Bc2 81. Kf6 Kg4 82. Kg7 1-0

[Event "Women's World Teams 2015"]
[Site "Chengdu CHN"]
[Date "2015.04.22"]
[Round "4.3"]
[Board "2"]
[White "Mkrtchian, Lilit"]
[Black "Zawadzka, Jolanta"]
[Result "1-0"]
[WhiteTitle "IM"]
[BlackTitle "WGM"]
[WhiteElo "2443"]
[BlackElo "2422"]
[WhiteTeam "ARMENIA"]
[BlackTeam "POLAND"]
[WhiteFideId "13300601"]
[BlackFideId "1122320"]
[EventDate "2015.04.19"]

1. c4 e6 2. g3 d5 3. Bg2 dxc4 4. Qa4+ Nd7 5. Qxc4 a6 6. Qc2 c5 7. Nf3 Ngf6 8.
Nc3 Rb8 9. d4 cxd4 10. Nxd4 Bc5 11. Nb3 Ba7 12. O-O O-O 13. Ne4 Qe7 14. Bd2 h6
15. Rac1 Nd5 16. Na5 Ne5 17. Qb3 Bd7 18. Nc3 b6 19. Nc4 Nxc4 20. Qxc4 Nxc3 21.
Bxc3 b5 22. Qg4 e5 23. Qe4 Rfe8 24. Bb4 Qf6 25. Bc5 Bf5 26. Qe3 Bxc5 27. Rxc5
Rbc8 28. Rfc1 Qd6 29. Bd5 Rxc5 30. Qxc5 Rd8 31. Qxd6 Rxd6 32. Rc5 Be6 33. Bxe6
Rxe6 34. Kf1 Rd6 35. Ke1 f6 36. e4 h5 37. h4 Kh7 38. f3 Kh6 39. Ke2 Rd4 40. b3
Rd6 41. b4 Kg6 42. a3 Re6 43. Ke3 f5 44. Rc8 Rf6 45. Rc5 Re6 46. Rc7 Kf6 47.
exf5 Rd6 48. g4 hxg4 49. fxg4 Rd4 50. Rc6+ Kf7 51. g5 Rxh4 52. Rxa6 Rh5 53. g6+
Ke7 54. Ke4 Rh3 55. Kxe5 Re3+ 56. Kd5 Rf3 57. Ra7+ Kf6 58. Rf7+ Kg5 59. Kc6 Rxa3
60. Kxb5 1-0

[Event "Women's World Teams 2015"]
[Site "Chengdu CHN"]
[Date "2015.04.22"]
[Round "4.3"]
[Board "3"]
[White "Szczepkowska-Horowska, Karina"]
[Black "Galojan, Lilit"]
[Result "0-1"]
[WhiteTitle "WGM"]
[BlackTitle "IM"]
[WhiteElo "2414"]
[BlackElo "2277"]
[WhiteTeam "POLAND"]
[BlackTeam "ARMENIA"]
[WhiteFideId "1122681"]
[BlackFideId "13301314"]
[EventDate "2015.04.19"]

1. d4 Nf6 2. c4 e6 3. Nf3 b6 4. g3 Ba6 5. Qa4 Bb7 6. Bg2 c5 7. dxc5 bxc5 8. O-O
Be7 9. Nc3 O-O 10. Rd1 Qb6 11. Bf4 Rd8 12. Rab1 Bc6 13. Qc2 Na6 14. a3 d6 15. e4
e5 16. Be3 Ng4 17. Bc1 Rab8 18. Ne1 Nf6 19. Qe2 Nc7 20. Nd5 Ncxd5 21. exd5 Ba4
22. Rd3 a5 23. Bh3 Bb3 24. Rc3 Qa6 25. Bf1 Re8 26. Nf3 Qc8 27. Nd2 Qf5 28. Ra1
Ba4 29. Bg2 Qg6 30. h3 Bd7 31. Nb3 Bd8 32. Nd2 h6 33. Nf1 Nh7 34. g4 Bg5 35. Ng3
Nf6 36. Be3 Rb7 37. Rc2 Reb8 38. Rf1 Rb3 39. Rfc1 Kh8 40. Nf1 Bxe3 41. Nxe3 h5
42. f3 e4 43. fxe4 hxg4 44. hxg4 Bxg4 45. Qf2 Qg5 46. Rc3 Nxe4 47. Bxe4 Bf3+ 48.
Kf1 Bxe4 49. Qh2+ Kg8 50. Qxd6 R8b6 51. Qh2 Rxb2 0-1

[Event "Women's World Teams 2015"]
[Site "Chengdu CHN"]
[Date "2015.04.22"]
[Round "4.3"]
[Board "4"]
[White "Kursova, Maria"]
[Black "Bartel, Marta"]
[Result "1/2-1/2"]
[WhiteTitle "WGM"]
[BlackTitle "WGM"]
[WhiteElo "2290"]
[BlackElo "2350"]
[WhiteTeam "ARMENIA"]
[BlackTeam "POLAND"]
[WhiteFideId "4129709"]
[BlackFideId "1123009"]
[EventDate "2015.04.19"]

1. d4 Nf6 2. Nf3 g6 3. c4 Bg7 4. g3 c6 5. Nc3 d5 6. Qb3 O-O 7. Bg2 dxc4 8. Qxc4
Bf5 9. O-O Nbd7 10. Re1 Ne4 11. Qb3 Qa5 12. Qa4 Qxa4 13. Nxa4 b5 14. Nc3 Nxc3
15. bxc3 Nb6 16. Ba3 Rfe8 17. Nd2 Rac8 18. e4 Bd7 19. Nb3 Na4 20. Nc5 Nxc5 21.
Bxc5 a6 22. a4 e5 23. f4 exd4 24. cxd4 Be6 25. axb5 axb5 26. e5 Bf8 27. Bxf8
Kxf8 28. Ra6 Red8 29. Rxc6 Rxd4 30. Rxc8+ Bxc8 31. Kf2 Bf5 32. Ke3 Rd3+ 33. Ke2
Rb3 34. Bd5 Rb2+ 35. Ke3 Rxh2 1/2-1/2

[Event "Women's World Teams 2015"]
[Site "Chengdu CHN"]
[Date "2015.04.22"]
[Round "4.4"]
[Board "2"]
[White "Javakhishvili, Lela"]
[Black "Saduakassova, Dinara"]
[Result "1/2-1/2"]
[WhiteTitle "IM"]
[BlackTitle "WGM"]
[WhiteElo "2481"]
[BlackElo "2398"]
[WhiteTeam "GEORGIA"]
[BlackTeam "KAZAKHSTAN"]
[WhiteFideId "13601458"]
[BlackFideId "13700090"]
[EventDate "2015.04.19"]

1. d4 Nf6 2. c4 e6 3. Nf3 b6 4. a3 Ba6 5. Qc2 Bb7 6. Bf4 c5 7. dxc5 bxc5 8. h3
Be7 9. e3 O-O 10. Nc3 d5 11. cxd5 exd5 12. Rd1 Qa5 13. Be2 Ne4 14. O-O Nxc3 15.
bxc3 Nd7 16. c4 Nb6 17. Bc7 d4 18. Qf5 g6 19. Qf4 Rac8 20. Be5 Nd7 21. exd4 Nxe5
22. dxe5 Rcd8 23. Qe3 Qa6 24. Rb1 Bc8 25. Qc3 Bf5 26. Rb5 Rd7 27. Nh2 Rfd8 28.
Bg4 Rd3 29. Qc1 Qxa3 30. Qh6 Bf8 31. Qg5 h6 32. Qf6 Bg7 33. Qc6 Rc8 34. Qb7 Bxg4
35. Nxg4 Rdd8 36. Rb3 Qa4 37. Rc1 Qd7 38. Qf3 Rc6 39. Qe4 Rc7 40. Ne3 Qd4 41.
Qf3 Qxe5 42. Nd5 Rcd7 43. Re3 Qg5 44. Rce1 Bd4 45. Re7 Rxe7 46. Rxe7 Rf8 47.
Rxa7 Qc1+ 48. Kh2 Qxc4 49. g3 Qf1 50. Nf6+ Bxf6 51. Qxf6 Qc4 52. Rc7 Rb8 53. Qe5
Qc2 54. Qxc5 Qxc5 55. Rxc5 Rb2 1/2-1/2

[Event "Women's World Teams 2015"]
[Site "Chengdu CHN"]
[Date "2015.04.22"]
[Round "4.4"]
[Board "3"]
[White "Nakhbayeva, Guliskhan"]
[Black "Arabidze, Meri"]
[Result "1/2-1/2"]
[WhiteTitle "WGM"]
[BlackTitle "IM"]
[WhiteElo "2329"]
[BlackElo "2374"]
[WhiteTeam "KAZAKHSTAN"]
[BlackTeam "GEORGIA"]
[WhiteFideId "13704788"]
[BlackFideId "13604040"]
[EventDate "2015.04.19"]

1. d4 Nf6 2. c4 e6 3. Nc3 Bb4 4. e3 O-O 5. Bd3 c5 6. Nf3 Nc6 7. O-O Bxc3 8. bxc3
d6 9. e4 e5 10. d5 Ne7 11. Nh4 h6 12. Qf3 Ng6 13. Nf5 Nh7 14. g3 Qf6 15. Bd2 Kh8
16. Qh5 Ne7 17. Nxe7 Qxe7 18. f4 Bd7 19. f5 f6 20. Rf2 Rfb8 21. Rb1 Be8 22. Qe2
a6 23. Be3 b6 24. h4 Rb7 25. Rg2 Rab8 26. g4 Kg8 27. Rf1 b5 28. cxb5 axb5 29.
Qf3 c4 30. Be2 Ra8 31. Bd1 b4 32. cxb4 Ra3 33. Qf2 Rxb4 34. Kh2 c3 35. Bc1 Ra7
36. Qe3 Rc7 37. Bb3 Rd4 38. Qe2 Rc5 39. Qc2 Rc7 40. Rf3 Qd8 41. Rgg3 g5 42. h5
Nf8 43. Rxc3 Rxc3 44. Rxc3 Qa5 45. Bd2 Bb5 46. Be1 Bd3 47. Rc8 Qxe1 48. Rxf8+
Kxf8 49. Qc8+ Kg7 50. Qd7+ Kg8 51. Qe8+ Kg7 52. Qe7+ Kg8 53. Qe8+ 1/2-1/2

[Event "Women's World Teams 2015"]
[Site "Chengdu CHN"]
[Date "2015.04.22"]
[Round "4.4"]
[Board "4"]
[White "Batsiashvili, Nino"]
[Black "Dauletova, Gulmira"]
[Result "1-0"]
[WhiteTitle "IM"]
[BlackTitle "WIM"]
[WhiteElo "2475"]
[BlackElo "2201"]
[WhiteTeam "GEORGIA"]
[BlackTeam "KAZAKHSTAN"]
[WhiteFideId "13602993"]
[BlackFideId "13702971"]
[EventDate "2015.04.19"]

1. d4 Nf6 2. c4 e6 3. Nc3 Bb4 4. Nf3 d5 5. cxd5 exd5 6. Bg5 h6 7. Bh4 c5 8. e3
c4 9. Be2 g5 10. Bg3 Nc6 11. Ne5 Bf5 12. O-O Bxc3 13. bxc3 Ne4 14. Rc1 O-O 15.
f4 Nxg3 16. hxg3 f6 17. Ng4 Bxg4 18. Bxg4 f5 19. Bh5 g4 20. Rb1 Na5 21. e4 dxe4
22. Rb5 Kh7 23. Qe2 b6 24. Re5 Nc6 25. Rxe4 fxe4 26. Qxe4+ Kh8 27. Qxc6 Qf6 28.
Qe4 Rad8 29. Rb1 Rd7 30. Rb5 Re7 31. Re5 Rxe5 32. dxe5 Qe6 33. Bg6 Rd8 34. f5
Qd5 35. f6 Qd1+ 36. Kh2 Qf1 37. Qe3 Kg8 38. Qxh6 Rd7 39. e6 1-0

[Event "Women's World Teams 2015"]
[Site "Chengdu CHN"]
[Date "2015.04.22"]
[Round "4.5"]
[Board "3"]
[White "Zhukova, Natalia"]
[Black "Ni, Viktorija"]
[Result "1-0"]
[WhiteTitle "GM"]
[BlackTitle "WIM"]
[WhiteElo "2471"]
[BlackElo "2188"]
[WhiteTeam "UKRAINE"]
[BlackTeam "UNITED STATES OF AMERICA"]
[WhiteFideId "14101513"]
[BlackFideId "11602252"]
[EventDate "2015.04.19"]

1. Nf3 c5 2. c4 Nc6 3. d4 cxd4 4. Nxd4 g6 5. e4 Bg7 6. Be3 Nf6 7. Nc3 O-O 8. Be2
d6 9. O-O Bd7 10. Nb3 Ne5 11. h3 Bc6 12. f4 Ned7 13. Bf3 a5 14. Rc1 Ne8 15. Nd4
e5 16. Nxc6 bxc6 17. f5 Bf6 18. Qd2 Be7 19. g4 Kh8 20. Kh1 Bh4 21. g5 f6 22.
fxg6 Bxg5 23. Rg1 h6 24. Ne2 Nc5 25. h4 Bxe3 26. Qxe3 Kg7 27. Ng3 f5 28. Nxf5+
Rxf5 29. exf5 Qxh4+ 30. Kg2 Rb8 31. b3 Nf6 32. Rh1 Qg5+ 33. Qxg5 hxg5 34. Bxc6
a4 35. Rb1 axb3 36. axb3 Rb6 37. Bb5 d5 38. Ra1 dxc4 39. Ra7+ Rb7 40. Rxb7+ Nxb7
41. Bxc4 Nd6 42. Be6 1-0

[Event "Women's World Teams 2015"]
[Site "Chengdu CHN"]
[Date "2015.04.23"]
[Round "5.1"]
[Board "1"]
[White "Abrahamyan, Tatev"]
[Black "Koneru, Humpy"]
[Result "0-1"]
[WhiteTitle "WGM"]
[BlackTitle "GM"]
[WhiteElo "2322"]
[BlackElo "2581"]
[WhiteTeam "UNITED STATES OF AMERICA"]
[BlackTeam "INDIA"]
[WhiteFideId "13301918"]
[BlackFideId "5008123"]
[EventDate "2015.04.19"]

1. e4 c5 2. Nf3 e6 3. b3 b6 4. Bb2 Bb7 5. Nc3 a6 6. Qe2 Nc6 7. O-O-O Nge7 8. h4
h5 9. Kb1 b5 10. d4 cxd4 11. Nxd4 Nxd4 12. Rxd4 Qa5 13. Qd2 Bc6 14. f4 Ng8 15.
Be2 Bc5 16. Rd3 Nf6 17. Bf3 Ng4 18. Re1 O-O-O 19. e5 Nf2 20. Ne4 Qxd2 21. Rxd2
Nxe4 22. Bxe4 Bb4 23. c3 Be7 24. g3 Kc7 25. Bxc6 dxc6 26. Bc1 Bc5 27. Ree2 a5
28. Kc2 b4 29. Rxd8 Rxd8 30. Be3 Kb6 31. Bxc5+ Kxc5 32. Re4 bxc3 33. Rc4+ Kb5
34. a4+ Kb6 35. Rxc3 Rd4 36. Re3 Kc5 37. Kc3 Kd5 38. Re1 Kc5 39. Re3 Kd5 40. Re1
c5 41. Re2 c4 42. bxc4+ Rxc4+ 43. Kb3 Rd4 44. Re3 Rb4+ 45. Ka3 Kd4 46. Re1 Rc4
47. Rd1+ Ke4 48. Rd7 Rc3+ 49. Kb2 Rxg3 50. Rxf7 Rg4 51. Re7 Rxh4 52. Rxe6 Rxf4
53. Re8 Kf5 54. e6 Re4 55. e7 Kg4 56. Kc3 h4 57. Kd3 Re1 58. Kd4 h3 59. Kd5 Kg3
60. Kd6 h2 0-1

[Event "Women's World Teams 2015"]
[Site "Chengdu CHN"]
[Date "2015.04.23"]
[Round "5.1"]
[Board "2"]
[White "Harika, Dronavalli"]
[Black "Nemcova, Katerina"]
[Result "1/2-1/2"]
[WhiteTitle "GM"]
[BlackTitle "WGM"]
[WhiteElo "2492"]
[BlackElo "2279"]
[WhiteTeam "INDIA"]
[BlackTeam "UNITED STATES OF AMERICA"]
[WhiteFideId "5015197"]
[BlackFideId "322750"]
[EventDate "2015.04.19"]

1. Nf3 d5 2. b3 Nf6 3. Bb2 Bg4 4. e3 c6 5. h3 Bxf3 6. Qxf3 Nbd7 7. d3 e6 8. Nd2
Qc7 9. Qe2 Bd6 10. g4 O-O-O 11. O-O-O Qa5 12. Kb1 Ba3 13. c3 Ne8 14. d4 Nd6 15.
Qd3 h5 16. Be2 hxg4 17. hxg4 Bxb2 18. Kxb2 Qb5 19. Qxb5 Nxb5 20. e4 Nd6 21. e5
Ne4 22. Nxe4 dxe4 23. g5 Rxh1 24. Rxh1 Nxe5 25. Kc2 Nd3 26. Bxd3 exd3+ 27. Kxd3
c5 28. Ke4 cxd4 29. cxd4 Rd5 30. f4 g6 31. a4 a5 32. Rc1+ Kd7 33. Rc4 b6 34. Rc3
Rf5 35. Rh3 Kc6 36. Rh8 Kc7 37. Rf8 Kd7 38. Ra8 Kc7 39. Rh8 Kd7 40. Rh1 Kc6 41.
Rc1+ Kd7 42. Rd1 Kc6 43. Rd2 Kd6 44. Rc2 Kd7 45. Rc3 Rd5 46. Rh3 Rf5 47. Rh4 Kc6
48. Rh1 Kd7 49. Rb1 Kc6 50. Rb2 Rd5 51. Rc2+ Kd7 52. Rc4 Rf5 53. b4 axb4 54.
Rxb4 Kc6 55. Rc4+ Kd7 56. Rb4 Kc6 57. Rc4+ Kd7 58. Rb4 1/2-1/2

[Event "Women's World Teams 2015"]
[Site "Chengdu CHN"]
[Date "2015.04.23"]
[Round "5.1"]
[Board "3"]
[White "Foisor, Sabina-Francesca"]
[Black "Padmini, Rout"]
[Result "1/2-1/2"]
[WhiteTitle "WGM"]
[BlackTitle "WGM"]
[WhiteElo "2276"]
[BlackElo "2454"]
[WhiteTeam "UNITED STATES OF AMERICA"]
[BlackTeam "INDIA"]
[WhiteFideId "1212915"]
[BlackFideId "5029295"]
[EventDate "2015.04.19"]

1. d4 Nf6 2. c4 g6 3. Nc3 d5 4. Bg5 Bg7 5. Bxf6 Bxf6 6. cxd5 c6 7. Rc1 O-O 8.
dxc6 Qxd4 9. Qxd4 Bxd4 10. cxb7 Bxb7 11. Nf3 Bg7 12. e3 Nd7 13. Bb5 Rfd8 14. O-O
Bxf3 15. gxf3 Rab8 16. a4 Ne5 17. Kg2 Nd3 18. Bxd3 Rxd3 19. Rfd1 Rxd1 20. Rxd1
Rxb2 21. Rd8+ Bf8 22. Rd7 a5 23. Ra7 e6 24. Rxa5 Bb4 25. Ra8+ Kg7 26. Ne4 Ra2
27. f4 h6 28. Kf1 f5 29. Ra7+ Kf8 30. Nf6 Ra1+ 31. Ke2 Ra2+ 32. Kd3 Be1 33. Nd7+
Ke8 34. Ne5 Bxf2 35. Nxg6 Ra3+ 36. Ke2 Bxe3 37. Re7+ Kd8 38. Rxe6 Bg1 39. h4
Rxa4 40. Re5 Re4+ 41. Kf3 Rxe5 42. fxe5 Kd7 1/2-1/2

[Event "Women's World Teams 2015"]
[Site "Chengdu CHN"]
[Date "2015.04.23"]
[Round "5.1"]
[Board "4"]
[White "Soumya, Swaminathan"]
[Black "Melekhina, Alisa"]
[Result "1-0"]
[WhiteTitle "WGM"]
[BlackTitle "FM"]
[WhiteElo "2366"]
[BlackElo "2235"]
[WhiteTeam "INDIA"]
[BlackTeam "UNITED STATES OF AMERICA"]
[WhiteFideId "5016193"]
[BlackFideId "2022613"]
[EventDate "2015.04.19"]

1. e4 c5 2. Nf3 g6 3. d4 cxd4 4. Nxd4 Bg7 5. Nc3 Nc6 6. Be3 Nf6 7. Bc4 O-O 8.
Bb3 a5 9. O-O a4 10. Nxa4 Nxe4 11. Nb5 Ra6 12. Qe2 Na5 13. Bd5 Nf6 14. Bf3 d6
15. c4 Nc6 16. Qd1 Ne5 17. Be2 d5 18. cxd5 Nxd5 19. Bd4 Nf4 20. Nac3 Nxe2+ 21.
Qxe2 Bg4 22. Qe4 Re6 23. Qxb7 Nc6 24. Bxg7 Kxg7 25. f3 Bf5 26. Rfd1 Qa5 27. Nc7
Qc5+ 28. Kh1 Re5 29. Qb5 Qf2 30. Qxc6 Rc5 31. Ne4 Rxc6 32. Nxf2 Rxc7 33. g4 Rc2
34. Kg1 Bc8 35. b4 Bb7 36. Kg2 Rfc8 37. Rd7 Ba8 38. Kg3 Re2 39. a4 Rcc2 40. Rf1
Bc6 41. Ra7 Ra2 42. h4 e5 43. g5 Bxa4 44. Ng4 Rg2+ 45. Kh3 Rge2 46. Rc1 Bb3 47.
Rxa2 Bxa2 48. Kg3 Be6 49. Nf6 Rb2 50. Ra1 Kf8 51. Ra7 Rxb4 52. Nxh7+ Ke8 53.
Nf6+ Kd8 54. Ra5 Rb1 55. Rxe5 Rg1+ 56. Kf2 Rh1 57. h5 1-0

[Event "Women's World Teams 2015"]
[Site "Chengdu CHN"]
[Date "2015.04.23"]
[Round "5.2"]
[Board "1"]
[White "Khotenashvili, Bela"]
[Black "Muzychuk, Anna"]
[Result "1-0"]
[WhiteTitle "GM"]
[BlackTitle "GM"]
[WhiteElo "2513"]
[BlackElo "2552"]
[WhiteTeam "GEORGIA"]
[BlackTeam "UKRAINE"]
[WhiteFideId "13602640"]
[BlackFideId "14111330"]
[EventDate "2015.04.19"]

1. d4 Nf6 2. c4 e6 3. g3 c5 4. Nf3 cxd4 5. Nxd4 d5 6. Bg2 e5 7. Nb3 d4 8. O-O
Nc6 9. f4 Bd6 10. c5 Bc7 11. fxe5 Bxe5 12. Bf4 Ng4 13. Bxc6+ bxc6 14. Bxe5 Nxe5
15. Qxd4 Qxd4+ 16. Nxd4 Bh3 17. Rd1 O-O-O 18. Nc3 Rhe8 19. Nf3 Bg4 20. Rxd8+
Kxd8 21. Rd1+ Kc7 22. Nxe5 Rxe5 23. b4 f6 24. Kf2 Rf5+ 25. Ke1 Rh5 26. Rd4 f5
27. h4 Rh6 28. Kf2 Re6 29. Rd3 a5 30. a3 axb4 31. axb4 h6 32. Rd2 g5 33. e3 gxh4
34. gxh4 Re8 35. Rd6 h5 36. b5 cxb5 37. Nxb5+ Kc8 38. Rd5 Re6 39. c6 f4 40. exf4
Re2+ 41. Kf1 Rb2 42. Nd4 Rd2 43. f5 Bf3 44. Rd6 Bxc6 45. Rxc6+ Kd7 46. Nf3 1-0

[Event "Women's World Teams 2015"]
[Site "Chengdu CHN"]
[Date "2015.04.23"]
[Round "5.2"]
[Board "2"]
[White "Muzychuk, Mariya"]
[Black "Javakhishvili, Lela"]
[Result "1/2-1/2"]
[WhiteTitle "IM"]
[BlackTitle "IM"]
[WhiteElo "2526"]
[BlackElo "2481"]
[WhiteTeam "UKRAINE"]
[BlackTeam "GEORGIA"]
[WhiteFideId "14114550"]
[BlackFideId "13601458"]
[EventDate "2015.04.19"]

1. e4 c5 2. Nf3 Nc6 3. d4 cxd4 4. Nxd4 g6 5. Nc3 Bg7 6. Be3 Nf6 7. Nxc6 bxc6 8.
e5 Nd5 9. Nxd5 cxd5 10. Qxd5 Rb8 11. Bc4 O-O 12. O-O Qc7 13. f4 d6 14. exd6 exd6
15. Bb3 Re8 16. Qd2 Bxb2 17. Rab1 Bc3 18. Qf2 a5 19. Bd4 Be6 20. Rbd1 Bxd4 21.
Rxd4 Rb4 22. Re1 Re7 23. Rxb4 axb4 24. Qe3 Qa7 25. Qxa7 Rxa7 26. Rd1 Bxb3 27.
axb3 Rc7 28. Rxd6 Rxc2 29. Rd4 Rc1+ 30. Kf2 Rc2+ 31. Kf1 Rc1+ 32. Kf2 Rc2+ 33.
Kf1 1/2-1/2

[Event "Women's World Teams 2015"]
[Site "Chengdu CHN"]
[Date "2015.04.23"]
[Round "5.2"]
[Board "3"]
[White "Batsiashvili, Nino"]
[Black "Ushenina, Anna"]
[Result "1/2-1/2"]
[WhiteTitle "IM"]
[BlackTitle "GM"]
[WhiteElo "2475"]
[BlackElo "2486"]
[WhiteTeam "GEORGIA"]
[BlackTeam "UKRAINE"]
[WhiteFideId "13602993"]
[BlackFideId "14110911"]
[EventDate "2015.04.19"]

1. d4 Nf6 2. c4 e6 3. Nc3 Bb4 4. Nf3 c5 5. g3 Ne4 6. Qc2 Qa5 7. Bg2 Nxc3 8. O-O
cxd4 9. Nxd4 Na4 10. a3 Be7 11. Nb5 Nxb2 12. Bxb2 O-O 13. Rfd1 Nc6 14. Rab1 a6
15. Bc3 Qb6 16. Nd6 Qc5 17. Nxb7 Qxc4 18. Na5 Qc5 19. Nxc6 dxc6 20. Qb2 Qxa3 21.
Bxc6 Qxb2 22. Rxb2 Ra7 23. Ba5 Bf6 24. Rbb1 g6 25. Bb6 Re7 26. Rd8 Bg7 27. Rxf8+
Bxf8 28. Bd8 Ra7 29. Rb8 Bd7 30. Bb6 Bxc6 31. Bxa7 Kg7 32. Bd4+ f6 33. Bxf6+
Kxf6 34. Rxf8+ Ke5 35. Rf7 a5 36. Rxh7 a4 37. Ra7 Kd4 38. h4 Kc5 39. Ra5+ Kb4
40. Ra7 Kc5 41. Ra5+ Kb4 42. Ra7 Kc5 1/2-1/2

[Event "Women's World Teams 2015"]
[Site "Chengdu CHN"]
[Date "2015.04.23"]
[Round "5.2"]
[Board "4"]
[White "Zhukova, Natalia"]
[Black "Melia, Salome"]
[Result "1/2-1/2"]
[WhiteTitle "GM"]
[BlackTitle "IM"]
[WhiteElo "2471"]
[BlackElo "2459"]
[WhiteTeam "UKRAINE"]
[BlackTeam "GEORGIA"]
[WhiteFideId "14101513"]
[BlackFideId "13602446"]
[EventDate "2015.04.19"]

1. d4 d5 2. c4 e6 3. Nc3 Be7 4. Nf3 Nf6 5. Bg5 O-O 6. e3 h6 7. Bxf6 Bxf6 8. Qc2
Na6 9. a3 c5 10. Rd1 dxc4 11. Bxc4 cxd4 12. Nxd4 Bd7 13. O-O Rc8 14. Qe2 Qb6 15.
Ne4 Be7 16. Nf5 exf5 17. Rxd7 Rc7 18. Rxc7 Nxc7 19. Nc3 Bf6 20. Rd1 Bxc3 21.
bxc3 Qc6 22. Qd3 g6 23. h4 h5 24. Qd4 Nb5 25. Bxb5 Qxb5 26. Qxa7 Qb3 27. Qd4
Qxa3 28. Qf6 Qb3 29. Rd7 b5 30. Qd4 Rc8 31. Rd8+ Rxd8 32. Qxd8+ Kh7 1/2-1/2

[Event "Women's World Teams 2015"]
[Site "Chengdu CHN"]
[Date "2015.04.23"]
[Round "5.3"]
[Board "1"]
[White "Danielian, Elina"]
[Black "Abdumalik, Zhansaya"]
[Result "1-0"]
[WhiteTitle "GM"]
[BlackTitle "WGM"]
[WhiteElo "2488"]
[BlackElo "2379"]
[WhiteTeam "ARMENIA"]
[BlackTeam "KAZAKHSTAN"]
[WhiteFideId "13300210"]
[BlackFideId "13703544"]
[EventDate "2015.04.19"]

1. Nf3 Nf6 2. c4 c5 3. Nc3 Nc6 4. e3 e6 5. d4 d5 6. a3 Be7 7. dxc5 Bxc5 8. b4
Be7 9. Bb2 O-O 10. cxd5 exd5 11. Be2 Be6 12. O-O Rc8 13. Rc1 a6 14. Qd3 h6 15.
Rfd1 b5 16. Qb1 Qb6 17. h3 Rfd8 18. Bf1 Qb7 19. Ne2 Ne4 20. Nf4 Bf8 21. Bd3 Nd6
22. Nd4 Nxd4 23. Bxd4 Ne4 24. Bb2 Nd6 25. Bd4 Nc4 26. Qa1 Ra8 27. Bb1 a5 28. Qc3
Nd6 29. Bc5 axb4 30. axb4 Rac8 31. Qd4 Nc4 32. Qd3 Bxc5 33. Qh7+ Kf8 34. bxc5
Qc6 35. Qh8+ Ke7 36. Qxg7 Rg8 37. Qxh6 Qxc5 38. Qh4+ Kd7 39. Be4 Qe7 40. Qxe7+
Kxe7 41. Nxd5+ Kf8 42. Nf4 Ke7 43. Nd5+ Kf8 44. g4 Rh8 45. Kg2 Kg7 46. Kg3 Rb8
47. Nc7 Kf6 48. h4 Ke7 49. Nxe6 fxe6 50. Ra1 b4 51. Ra7+ Kf8 52. g5 Rg8 53. Rdd7
Nb6 54. Rf7+ Ke8 55. Rfb7 1-0

[Event "Women's World Teams 2015"]
[Site "Chengdu CHN"]
[Date "2015.04.23"]
[Round "5.3"]
[Board "2"]
[White "Saduakassova, Dinara"]
[Black "Mkrtchian, Lilit"]
[Result "1/2-1/2"]
[WhiteTitle "WGM"]
[BlackTitle "IM"]
[WhiteElo "2398"]
[BlackElo "2443"]
[WhiteTeam "KAZAKHSTAN"]
[BlackTeam "ARMENIA"]
[WhiteFideId "13700090"]
[BlackFideId "13300601"]
[EventDate "2015.04.19"]

1. Nf3 Nf6 2. c4 e6 3. Nc3 d5 4. d4 Nbd7 5. Qc2 Be7 6. Bf4 c6 7. e3 Nh5 8. Be5
Nhf6 9. Bf4 Nh5 10. Be5 Nhf6 11. Bg3 Nh5 12. Bd3 h6 13. Be5 Nhf6 14. Bg3 Nh5 15.
Be5 Nhf6 16. Bg3 1/2-1/2